00576nam a2200169 a 450000500170000000800410001705000270005810000190008524501100010426000500021430000290026452100090029365000250030265000460032765000170037365000160039020140310183140.0020820s19uu xx 00 eng d aHD 8039.M39b.D38 1991 aDavis, Paul D. aWhen your corporate umbrella begin to leak :ba handbook for white collar re employment /cPaul D. Davis. aBethesda, MD :bNational Press Books, c1991. a288 p. :bill. ;c24 cm. aBSBA aWhite collar workers aWhite collar workersxU.S.xdismissal of. aUnemployment aJob hunting